00907 2200301 4500001002100000005001500021035002000036007000300056008004100059020002200100082001500122084001700137100002300154245007500177300004800252650002900300700003600329504003100365264003500396336002100431337003000452338002300482040002200505090002200527850001200549999002200561990002200583INLIS00000000089465120250326081523 a0010-0325000732ta250326s2023 yoia g 000 | ind d a978-602-498-510-304223a616.81 a616.81 SOD p0 aSodikinePengarang10aPeriode emas pasien stroke /cSodikin; penyunting, Anisah Qurrotu'anii aviii, 100 halaman :bgambar, tabel ;c20 cm 4aPenyakit serebrovaskular0 aAnisah Qurrotu'aniiePenyunting aBibliografi: halaman 97-9831aYogyakarta :bUNY Press,c2023 2rdacontentateks 2rdamediaatanpa perantara 2rdacarrieravolume aYOPDYOGbinderda aCB-D.11 2023-6103 aYOPDYOG aCB-D.11/2023-6103 aCB-D.11/2023-6103